| 000 | 00801nam a22002417a 4500 | ||
|---|---|---|---|
| 005 | 20150513113615.0 | ||
| 010 | _aENG-112662 | ||
| 020 |
_a9788120347168 _c795.00 |
||
| 035 | _aEN-96194 | ||
| 037 | _bDBAD/PUB | ||
| 082 | _a005.7585 | ||
| 100 | _aBen-Gan, Itzik | ||
| 245 | 0 | 0 |
_aQuerying Microsoft SQL Server 2012 : _cby Itzik Ben-Gan,Dejan Sarka [and] Ron Talmage _bexam 70-461 training kit / |
| 260 |
_aNew Delhi _bPHI Learning _c2013 |
||
| 270 |
_aM-97, Connaught Circus, _bNew Delhi _e110001 |
||
| 300 |
_axxx, 704p. : _c24cm(pbk) _bill. _e1CD-ROM |
||
| 500 | _aIncludes Index | ||
| 650 | _a SQL (Computer program language) | ||
| 650 | _a Database management. | ||
| 700 | _a Sarka, Dejan | ||
| 700 | _a Talmage, Ron | ||
| 942 |
_2ddc _cEN _mBEN _h005.7585 |
||
| 999 |
_c92869 _d92869 |
||